000 01051nam a22002417a 4500
001 14493
003 BD-JhCC
005 20251214102623.0
008 251214b |||||||| |||| 00| 0 eng d
020 _a9847000000644
035 _a(BD-JhCC) 14493
040 _aBD-JhCC
_dBD-JhCC
041 _aবাংলা
082 _223
_a970.01
_bANU 2021
100 _aমুহাম্মদ, আনু
245 _aকলম্বাসের আমেরিকা আবিস্কার এবং বহুজাতিক মানুষেরা /
_cআনু মুহাম্মদ
246 _aCalombaser America Abisker
260 _aঢাকা:
_bজাতীয় সাহিত্য প্রকাশ,
_c২০২১
300 _a১১১ পৃ.;
_c২২ সেমি.
_eপেপার বাইন্ডিং
650 _aকলম্বাসের আমেরিকা আবিষ্কার ও সেখানে বহুজাতিক মানুষের ইতিহাস
942 _2ddc
_cBK
999 _c14493
_d14493